00000000nam 2200000zi 4500
0019.945361
003CaOODSP
00520241121094721
006m     o  d f      
007cr mn|||||||||
008241119s1971    oncad   ob   f000 0 eng d
040 |aCaOODSP|beng|erda|cCaOODSP
043 |an-cn---
0861 |aCo41-1/8DE-PDF|zCo41-1/8D
24500|aMultiservice cable telecommunication systems : |bthe wired city.
264 1|aOttawa : |bDepartment of Communications, |c1971.
300 |a1 online resource (80 pages) : |billustrations, graphs.
336 |atext|btxt|2rdacontent
337 |acomputer|bc|2rdamedia
338 |aonline resource|bcr|2rdacarrier
4901 |aTelecommission study ; |v8(d)
500 |aIssued also in French under title: Systèmes polyvalents de télécommunications par câble : la cité câblée.
500 |aDigitized edition from print [produced by Innovation, Science and Economic Development Canada].
504 |aIncludes bibliographical references (pages 69-73).
650 0|aCable television|zCanada.
650 0|aTelecommunication|zCanada.
7101 |aCanada. |bDepartment of Communications, |eissuing body.
77508|tSystèmes polyvalents de télécommunications par câble : |w(CaOODSP)9.945365
830#0|aTelecommission study ;|v8(d).|w(CaOODSP)9.927947
85640|qPDF|s1.09 MB|uhttps://publications.gc.ca/collections/collection_2024/isde-ised/co41-1/Co41-1-8D-eng.pdf